000 00977nam a22002777i 4500
005 20210818182203.0
008 190314s2006 ag a br 000 1dspa d
020 _a9879011759
040 _aCOMFC
_bspa
_erda
099 _aL. A. BANP
100 1 _954112
_aBandin Ron, César
_eaut
245 1 0 _aPototo
_b3 veces monstruo
_cCésar Bandin Ron ; ilustraciones Cristian Turdera
250 _aPrimera edición
264 0 1 _aBuenos Aires
_bDel Eclipse
_c2006
300 _a[26] páginas sin numerar
_bilustraciones en color
_c18x24 cm
336 _2rdacontent
_atxt
337 _2rdamedia
_an
338 _2rdacarrier
_anc
490 _954113
_a(Libro-álbum del Eclipse)
500 _aContiene información biográfica del autor y el ilustrador
700 1 _954114
_aTurdera, Cristian
_eill
090 _aL. A.
_bBANP
650 0 _954115
_aNarrativa Infantil Argentina
650 0 _921021
_aLibros Ilustrados Para Niños
942 _2ddc
_hL. A. BANP
_kL. A.
_mBANP
999 _c14793
_d14793